Readings in applied English linguistics
Shranjeno v:
| Glavni avtor: | |
|---|---|
| Format: | Knjiga |
| Jezik: | Undetermined |
| Izdano: |
New York
Appleton-Century-Crofts
1964
|
| Teme: | |
| Oznake: |
Označite
Brez oznak, prvi označite!
|
| Thư viện lưu trữ: | Trung tâm Học liệu Trường Đại học Cần Thơ |
|---|
| LEADER | 00524nam a2200181Ia 4500 | ||
|---|---|---|---|
| 001 | CTU_43981 | ||
| 008 | 210402s9999 xx 000 0 und d | ||
| 082 | |a 808.042 | ||
| 082 | |b A426 | ||
| 100 | |a Harold B Allen | ||
| 245 | 0 | |a Readings in applied English linguistics | |
| 245 | 0 | |c Harold B Allen | |
| 260 | |a New York | ||
| 260 | |b Appleton-Century-Crofts | ||
| 260 | |c 1964 | ||
| 650 | |a english language - rhetoric,technical writing | ||
| 904 | |i Minh, 011017 | ||
| 980 | |a Trung tâm Học liệu Trường Đại học Cần Thơ | ||